000 00375 a2200169 4500
001 191880
020 _a978-85-02-63479-4
040 _cMagnum
100 _aMartinelli, Vanessa
240 1 0 _aAs crônicas de fiorella
_lpor
245 1 0 _aAs crônicas de fiorella
300 _a112
362 0 _a2015
440 1 _aSaraiva
697 _aLITERATURA JUVENIL
942 _cBK
999 _c191880
_d191880